Kaleidoscope Tr by Vidya Pai (Record no. 215206)
[ view plain ]
| 000 -LEADER | |
|---|---|
| fixed length control field | 00572nam a2200229Ia 4500 |
| 003 - CONTROL NUMBER IDENTIFIER | |
| control field | OSt |
| 005 - DATE AND TIME OF LATEST TRANSACTION | |
| control field | 20221221122856.0 |
| 008 - FIXED-LENGTH DATA ELEMENTS--GENERAL INFORMATION | |
| fixed length control field | 210719s2008 xx 000 0 und d |
| 020 ## - INTERNATIONAL STANDARD BOOK NUMBER | |
| International Standard Book Number | 9788179914076 |
| 040 ## - CATALOGING SOURCE | |
| Transcribing agency | AL |
| 041 ## - LANGUAGE CODE | |
| Language code of text/sound track or separate title | eng |
| 082 ## - DEWEY DECIMAL CLASSIFICATION NUMBER | |
| Classification number | 891.468 KELK |
| 100 ## - MAIN ENTRY--PERSONAL NAME | |
| Personal name | KELEKAR (Ravindra) |
| 9 (RLIN) | 67158 |
| 245 ## - TITLE STATEMENT | |
| Title | Kaleidoscope Tr by Vidya Pai |
| 260 ## - PUBLICATION, DISTRIBUTION, ETC. | |
| Place of publication, distribution, etc. | Mumbai |
| Name of publisher, distributor, etc. | Popular Prakashan |
| Date of publication, distribution, etc. | 2008 |
| 300 ## - PHYSICAL DESCRIPTION | |
| Extent | 212 |
| Other physical details | PB |
| 365 ## - TRADE PRICE | |
| Price amount | 200 |
| Currency code | Rs |
| 650 ## - SUBJECT ADDED ENTRY--TOPICAL TERM | |
| Topical term or geographic name entry element | Indian English Prose |
| 9 (RLIN) | 67159 |
| 650 ## - SUBJECT ADDED ENTRY--TOPICAL TERM | |
| Topical term or geographic name entry element | Konkani Essays |
| 9 (RLIN) | 67228 |
| 906 ## - LOCAL DATA ELEMENT F, LDF (RLIN) | |
| a | Kaleidoscope |
| 942 ## - ADDED ENTRY ELEMENTS (KOHA) | |
| Source of classification or shelving scheme | Dewey Decimal Classification |
| Koha item type | Book |
| Withdrawn status | Lost status | Source of classification or shelving scheme | Damaged status | Not for loan | Collection code | Home library | Current library | Date acquired | Source of acquisition | Cost, normal purchase price | Total Checkouts | Full call number | Barcode | Date last seen | Price effective from | Koha item type | Uniform Resource Identifier |
|---|---|---|---|---|---|---|---|---|---|---|---|---|---|---|---|---|---|
| Dewey Decimal Classification | English | St Aloysius Library | St Aloysius Library | 07/14/2010 | General Annual | 200.00 | 891.468 KELK | D03823 | 07/19/2021 | 07/19/2021 | Donated Books | ||||||
| Dewey Decimal Classification | English | St Aloysius Library | St Aloysius Library | 12/18/2020 | Central Institute of Indian Languages, Mysore-570006 | General Annual | 200.00 | 891.468 KELK | D04745 | 07/19/2021 | 07/19/2021 | Donated Books | https://books.google.co.in/books?id=9T7kda9BDNIC&pg=PA9&source=gbs_selected_pages&cad=3#v=onepage&q&f=false |